The All England Law Reports(1957 Vol. 1): incorporating the Law times reports, Law journal reports. / (Record no. 4299)
[ view plain ]
| 000 -LEADER | |
|---|---|
| fixed length control field | 00521nam a22001457a 4500 |
| 008 - FIXED-LENGTH DATA ELEMENTS--GENERAL INFORMATION | |
| fixed length control field | 140904b xxu||||| |||| 00| 0 eng d |
| 020 ## - INTERNATIONAL STANDARD BOOK NUMBER | |
| International Standard Book Number | 0406851093 |
| 050 ## - LIBRARY OF CONGRESS CALL NUMBER | |
| Classification number | KD288.A64 (1957 Vol.1) |
| 245 ## - TITLE STATEMENT | |
| Title | The All England Law Reports(1957 Vol. 1): incorporating the Law times reports, Law journal reports. / |
| Statement of responsibility, etc. | Edited by: J. F Edgerley. |
| 260 ## - PUBLICATION, DISTRIBUTION, ETC. | |
| Place of publication, distribution, etc. | London: |
| Name of publisher, distributor, etc. | Butterworth & Co Ltd., |
| Date of publication, distribution, etc. | 1957. |
| 300 ## - PHYSICAL DESCRIPTION | |
| Extent | xxv, 936p.: |
| Dimensions | 24cm. |
| 440 ## - SERIES STATEMENT/ADDED ENTRY--TITLE | |
| Name of part/section of a work | The All England law reports 1957 |
| Volume/sequential designation | Vol. 1 |
| 800 ## - SERIES ADDED ENTRY--PERSONAL NAME | |
| Personal name | Edgerley J. F |
| 942 ## - ADDED ENTRY ELEMENTS (KOHA) | |
| Source of classification or shelving scheme | Library of Congress Classification |
| Koha item type | Books |
| Withdrawn status | Lost status | Source of classification or shelving scheme | Damaged status | Not for loan | Home library | Current library | Shelving location | Date acquired | Total Checkouts | Full call number | Barcode | Date last seen | Copy number | Price effective from | Koha item type |
|---|---|---|---|---|---|---|---|---|---|---|---|---|---|---|---|
| Library of Congress Classification | WISCONSIN INTERNATIONAL UNIVERSITY COLLEGE, GHANA - MAIN LIBRARY | WISCONSIN INTERNATIONAL UNIVERSITY COLLEGE, GHANA - MAIN LIBRARY | Law Library | 04/09/2014 | KD288. A64 (1957 Vol.1) | 2135/1132/14 | 04/09/2014 | 1 | 04/09/2014 | Books |
